| 000 | 01159nam a2200205Ia 4500 | ||
|---|---|---|---|
| 003 | Ost | ||
| 005 | 20260507075640.0 | ||
| 008 | 260507s9999||||xx |||||||||||||| ||und|| | ||
| 040 | _cfsecg | ||
| 041 | _aara | ||
| 082 | _a659.2 | ||
| 100 |
_aالصرايرية، محمد نجيب _eمؤلف |
||
| 245 | 0 |
_aالعلاقات العامة : _bالأسس والمبادئ / _c محمد نجيب الصرايرية |
|
| 260 |
_a[دون مكان]: _bمكتبة الرائد العلمية, _c2001 |
||
| 300 |
_a267 صفحة؛ _c24 سم |
||
| 504 | _aالمراجع ص.259 | ||
| 520 | _aالعلاقات العامة الأسس والمبادئ ،إدارة العلاقات العامة وخبراؤها ،الاتصال والإقناعي العلانية وأدواتها ،العلاقات العامة الحكومية ،استراتجيات الإتصال في مجال العلاقات العامة ،تصمصم استراتجيات الإتصال في مجال العلاقات العامة ،العلاقات العامة،العلاقات العامة في مواجهة الأزمات | ||
| 653 | _aالعلاقات العامة | ||
| 942 | _cكتاب | ||
| 999 |
_c45382 _d45382 |
||